Guess the 1970s song lyrics #117 - Statistics

General Stats
  • This quiz has been taken 17 times
  • The average score is 123 of 222
Answer Stats
Answer % Correct
a
100%
I
93%
be
86%
In
86%
in
86%
the
86%
to
86%
You
86%
I'm
79%
I've
79%
my
79%
no
79%
what
79%
get
71%
Got
71%
got
71%
Now
71%
Oh
71%
You're
71%
it's
64%
It's
64%
know
64%
so
64%
never
57%
time
57%
Yeah
57%
gonna
50%
Ah
43%
ah
43%
seen
43%
sun
43%
Sweet
43%
sweet
43%
way
43%
again
36%
dream
36%
magic
36%
Making
36%
Ooh
36%
strange
36%
Strange
36%
high
21%
mind
21%
same
21%
through
21%
end
14%
fly
14%
across
7%
age
7%
broken
7%
dawn
7%
meadows
7%
sailing
7%
softly
7%
stone
7%
walking
7%
waves
7%
No matching quizzes found
Score Distribution
Percent of People with Each Score
Percentile by Number Answered
Your Score History
You have not taken this quiz